000
00243nam a22000977a 4500
022
_a
0022-457X
082
_a
631.54
245
_a
Journal of Soil and water conservation
260
_a
New Delhi
_b
Soil conservation society of India
942
_c
CR
_s
1
999
_c
14018
_d
14018